000 00428nam a2200181Ia 4500
001 22461
005 20260414150833.0
008 260414t2002||||xx |||||||||||||| ||spa||
041 _aESP
082 _a621.3815
_bA39
100 _aAlexander, Charles K
_eAUT
245 0 _aCircuitos eléctricos
_b
260 _c2002
300 _axv, 986 páginas :
_c25 cm.
650 _aTCA
654 _aCET
942 _cLIB
_dJUS
_fJUS
_2ddc
_n
999 _c22461
_d22461